| 000 | 00739nam a22001817a 4500 | ||
|---|---|---|---|
| 005 | 20230911121720.0 | ||
| 010 | _aB-755780 | ||
| 020 |
_a9789382872535 _c400.00 |
||
| 035 | _aB-755780 | ||
| 082 |
_22021 _a921 _b1 |
||
| 100 |
_aनाहर विजय _956197 |
||
| 245 |
_aयुगपुरुष बप्पारावल / _cविजय नाहर |
||
| 260 |
_aजयपुर _bशिव बुक डिपो _c2021 |
||
| 270 |
_a167, चौड़ा रास्ता _bजयपुर _e302003 |
||
| 300 |
_a272पृ. _b21सेमी (अजिल्द) |
||
| 942 |
_2ddc _cHN _e2021 _h921 _mरावल |
||
| 999 |
_c197972 _d197972 |
||